LEADER 01774nlm0 22004931i 450 001 990009249090403321 010 $a9783540315421 035 $a000924909 035 $aFED01000924909 035 $a(Aleph)000924909FED01 035 $a000924909 100 $a20100926d2005----km-y0itay50------ba 101 0 $aeng 102 $aDE 135 $adrnn-008mamaa 200 1 $aApplied Cryptography and Network Security$bRisorsa elettronica$eThird International Conference, ACNS 2005, New York, NY, USA, June 7-10, 2005. Proceedings$fedited by John Ioannidis, Angelos Keromytis, Moti Yung 210 $aBerlin ; Heidelberg$cSpringer$d2005 225 1 $aLecture Notes in Computer Science$x0302-9743$v3531 230 $aDocumento elettronico 336 $aTesto 337 $aFormato html, pdf 702 1$aIoannidis,$bJohn 702 1$aKeromytis,$bAngelos 702 1$aYung,$bMoti 801 0$aIT$bUNINA$gREICAT$2UNIMARC 856 4 $zFull text per gli utenti Federico II$uhttp://dx.doi.org/10.1007/b137093 901 $aEB 912 $a990009249090403321 961 $aComputer Communication Networks 961 $aComputer Communication Networks 961 $aComputer science 961 $aComputer Science 961 $aData Encryption 961 $aData encryption (Computer science) 961 $aInformation Storage and Retrieval 961 $aInformation storage and retrieval systems 961 $aInformation systems 961 $aInformation Systems 961 $aInformation Systems Applications (incl.Internet) 961 $aManagement of Computing and Information Systems 961 $aOperating Systems 961 $aOperating systems (Computers) 996 $aApplied Cryptography and Network Security$9771881 997 $aUNINA LEADER 01319oam 2200397 a 450 001 9910703279203321 005 20111221132427.0 035 $a(CKB)3460000000108111 035 $a(OCoLC)748581612 035 $a(EXLCZ)993460000000108111 100 $a20110831d2011 ua 0 101 0 $aeng 135 $aurbn||||||||| 181 $ctxt$2rdacontent 182 $cc$2rdamedia 183 $acr$2rdacarrier 200 14$aThe employment situation$b[electronic resource] $eApril 2011 : hearing before the Joint Economic Committee, Congress of the United States, One Hundred Twelfth Congress, first session, May 6, 2011 210 1$aWashington :$cU.S. G.P.O.,$d2011. 215 $a1 online resource (iii, 76 pages) $cillustrations 225 1 $aS. hrg. ;$v112-60 300 $aTitle from title screen (viewed on Aug. 31, 2011). 517 $aEmployment situation 606 $aUnemployment$zUnited States 606 $aLabor market$zUnited States 606 $aManpower policy$zUnited States 607 $aUnited States$xEconomic conditions 615 0$aUnemployment 615 0$aLabor market 615 0$aManpower policy 801 0$bGPO 801 1$bGPO 801 2$bGPO 906 $aBOOK 912 $a9910703279203321 996 $aThe employment situation$93115854 997 $aUNINA LEADER 01665nam 2200469I 450 001 9910705877403321 005 20170725143550.0 035 $a(CKB)5470000002453640 035 $a(OCoLC)994295750 035 $a(EXLCZ)995470000002453640 100 $a20170724j199803 ua 0 101 0 $aeng 135 $aurbn||||||||| 181 $ctxt$2rdacontent 182 $cc$2rdamedia 183 $acr$2rdacarrier 200 10$aPreconditioning the Helmholtz equation for rigid ducts /$fKenneth J. Baumeister, Kevin L. Kreider 210 1$aCleveland, Ohio :$cNational Aeronautics and Space Administration, Lewis Research Center,$dMarch 1998. 215 $a1 online resource (18 pages) $cillustrations 225 1 $aNASA technical memorandum ;$v107349 300 $a"March 1998." 300 $a"Performing organization: National Aeronautics and Space Administration, Lewis Research Center"--Report documentation page. 320 $aIncludes bibliographical references (pages 5-6). 606 $aAcoustic propagation$2nasat 606 $aDucts$2nasat 606 $aHelmholtz equations$2nasat 606 $aFinite difference theory$2nasat 606 $aPreconditioning$2nasat 615 7$aAcoustic propagation. 615 7$aDucts. 615 7$aHelmholtz equations. 615 7$aFinite difference theory. 615 7$aPreconditioning. 700 $aBaumeister$b Kenneth J.$01400246 702 $aKreider$b Kevin L. 712 02$aLewis Research Center, 801 0$bGPO 801 1$bGPO 906 $aBOOK 912 $a9910705877403321 996 $aPreconditioning the Helmholtz equation for rigid ducts$93485381 997 $aUNINA